Normal view MARC view
  • Paredes Zùñiga, Josuany Damaris

Entry Nombre Personal

Number of records used in: 1

001 - NUMERO DE CONTROL

  • campo de control: 59355

003 - IDENTIFICADOR DE NUMERO DE CONTROL

  • campo de control: UPN

005 - FECHA Y HORA DE LA ÜLTIMA TRANSACCIÓN

  • campo de control: 20260424122918.0

008 - DATOS DE LONGITUD FIJA

  • campo de control de longitud fija: 260424|| acz||aabn | a|a d

024 ## - OTROS IDENTIFICADORES NORMALIZADOS

  • Fuente: orcid
  • Número normalizado o código: https://orcid.org/0009-0004-8454-0502

040 ## - FUENTE DE CATALOGACIÓN

  • Agencia original de catalogación: MX-MxUPN

100 1# - ENCABEZAMIENTO - NOMBRE PERSONAL

  • Nombre personal: Paredes Zùñiga, Josuany Damaris

370 ## - LUGAR ASOCIADO

  • Place of birth: Ecuador

371 ## - DIRECCIÓN

  • Electronic mail address: jparedesz2@est.ups.edu.ec

373 ## - GRUPO ASOCIADO

  • Associated group: Universidad Politécnica Salesiana, sede Guayaquil

374 ## - OCUPACIÓN

  • Occupation: Docencia e investigación universitaria

377 ## - LENGUA ASOCIADA

  • Language code: spa

670 ## - FUENTE EN LA QUE SE LOCALIZARON DATOS

  • Cita de la fuente: En recurso en línea: RECIE: revista caribeña de investigación educativa Vol. 9 (2025)
  • Información localizada: (Josuany Damaris Paredes Zùñiga)
  • Uniform Resource Identifier: https://revistas.isfodosu.edu.do/index.php/recie/article/view/863/570

902 ## - CATALOGADOR

  • Catalogador: Leonor Sotres/240426